| 000 -LEADER |
| fixed length control field |
00684cam a22002294a 4500 |
| 020 ## - INTERNATIONAL STANDARD BOOK NUMBER |
| ISBN |
9781416049746 |
| 020 ## - INTERNATIONAL STANDARD BOOK NUMBER |
| ISBN |
1416049746 |
| 040 ## - CATALOGING SOURCE |
| Transcribing agency |
DLC |
| 082 00 - DEWEY DECIMAL CLASSIFICATION NUMBER |
| Classification number |
617 SAU 2009 A115 Or. |
| 245 00 - TITLE STATEMENT |
| Title |
Arthritis & arthroplasty. |
| 246 3# - VARYING FORM OF TITLE |
| Title proper/short title |
Arthritis and arthroplasty. |
| 246 30 - VARYING FORM OF TITLE |
| Title proper/short title |
Knee |
| 260 ## - PUBLICATION, DISTRIBUTION, ETC. (IMPRINT) |
| Place of publication |
Philadelphia, PA : |
| Name of publisher |
Saunders/Elsevier, |
| Year of publication |
c2009. |
| 300 ## - PHYSICAL DESCRIPTION |
| Number of Pages |
xvii, 334 p. : |
| Other physical details |
ill. (some col.) ; |
| Dimensions |
29 cm. + |
| Accompanying material |
1 DVD-ROM (4 3/4 in.). |
| 490 1# - SERIES STATEMENT |
| Series statement |
Arthritis & arthroplasty series |
| 500 ## - GENERAL NOTE |
| General note |
"Expert consult"--Cover. |
| 650 #0 - SUBJECT ADDED ENTRY--TOPICAL TERM |
| Topical Term |
Total knee replacement. |
| 650 12 - SUBJECT ADDED ENTRY--TOPICAL TERM |
| Topical Term |
Arthroplasty, Replacement, Knee |
| 650 22 - SUBJECT ADDED ENTRY--TOPICAL TERM |
| Topical Term |
Arthritis |
| 700 1# - ADDED ENTRY--PERSONAL NAME |
| Personal name |
Brown, Thomas E., |
| 942 ## - ADDED ENTRY ELEMENTS (KOHA) |
| Koha item type |
ADB |
| 952 ## - LOCATION AND ITEM INFORMATION (KOHA) |
| Withdrawn status [LOCAL, KOHA] |
0 |
| 952 ## - LOCATION AND ITEM INFORMATION (KOHA) |
| Withdrawn status [LOCAL, KOHA] |
0 |